| 000 | 00554nam a2200181Ia 4500 | ||
|---|---|---|---|
| 008 | 140609s9999 xx 000 0 und d | ||
| 020 | _a9780471402411 | ||
| 050 |
_aTX 925 _b.D33 2002 |
||
| 100 | _aDahmer, Sondra J. | ||
| 245 |
_aRestaurant service basics / _cSondra J. Dahmer, Kurt W. Kahl |
||
| 260 |
_aNew York : _bJohn Wiley & Sons, Inc., _cc2002. |
||
| 300 |
_a183 p. : _bill. ; _c24 cm. |
||
| 500 | _aIncludes glossary, bibliographical references and index. | ||
| 521 | _aBSBA | ||
| 650 | _aWaitresses. | ||
| 942 |
_kFOR _cBK |
||
| 999 |
_c118284 _d118284 |
||